000 00691nam a2200121Ia 4500
008 220615s9999||||xx |||||||||||||| ||und||
245 0 _aSolidarity in Europe
_bCitizens' Responses in Times of Crisis
546 _aEnglish[eng]
650 _asolidarity in Europe||transnational solidarity||political sociology||citizen responses to crisis||asylum policies||refugee crisis||attitudes towards European Union
700 _aLahusen, Christian||Grasso, Maria T.
856 _uhttps://library.oapen.org/bitstream/20.500.12657/27870/1/1002134.pdf||https://library.oapen.org/bitstream/20.500.12657/27870/1/1002134.pdf||https://library.oapen.org/bitstream/20.500.12657/27870/1/1002134.pdf
942 _cEB
999 _c10395
_d10395